| 000 | 00521nam a22001937a 4500 | ||
|---|---|---|---|
| 003 | OSt | ||
| 005 | 20140310184333.0 | ||
| 008 | 121112t xxu||||| |||| 00| 0 eng d | ||
| 020 | _a9780439085687 | ||
| 050 |
_aQE 862.D5 _b.B4857 1998 |
||
| 245 |
_aDid dinosaurs live in your backyard? : _bquestions & answers about dinosaurs / _cMelvin Berger |
||
| 260 |
_aNew York : _bScholastic Inc., _c1998. |
||
| 300 | _g25cm | ||
| 521 | _aG5 | ||
| 526 | _c780 | ||
| 541 | _j1 | ||
| 562 | _e1 | ||
| 942 |
_2lcc _cBK-SCHOLAS |
||
| 999 |
_c33698 _d33698 |
||